| 000 | 00517nam a22001937a 4500 | ||
|---|---|---|---|
| 003 | OSt | ||
| 005 | 20140310181851.0 | ||
| 008 | 130709t xxu||||| |||| 00| 0 eng d | ||
| 020 | _a9781856973236 | ||
| 050 |
_aCB 311 _b.M376 1995 |
||
| 082 |
_aREF 930 _b M361 1995 |
||
| 245 |
_aThe ancient world / _cHazel Mary Martell. |
||
| 260 |
_aLondon : _bKingfisher, _c1995. |
||
| 300 |
_a160 p. : _bcol. ill. ; _c28 cm. |
||
| 500 | _aIncludes Index. | ||
| 541 | _j1 | ||
| 562 | _e1 | ||
| 942 |
_2lcc _cBK-GR _kREF |
||
| 999 |
_c5448 _d5448 |
||